| 000 | 00524nam a2200193Ia 4500 | ||
|---|---|---|---|
| 005 | 20250923150012.0 | ||
| 008 | 008 250917s9999 xx 000 0 eng d | ||
| 037 | _aReference | ||
| 040 |
_aDSWL _beng _cDSWL |
||
| 041 |
_aeng _2eng |
||
| 084 |
_an2,N53, N99 _qDSWL |
||
| 245 | 0 |
_aIndia 1999 : A reference Annual _c by Mil. India |
|
| 260 |
_aNew Delhi _bThe Author _c1999 |
||
| 300 | _axii,773 p. | ||
| 365 |
_aINR _b250.00 |
||
| 925 | _g250.00 | ||
| 942 |
_cREF _hn2,N53, N99 |
||
| 999 |
_c1458371 _d1458371 |
||